| 000 | 00993nam a22003255a 4500 | ||
|---|---|---|---|
| 001 | 015810567 | ||
| 003 | Uk | ||
| 005 | 20150824115607.0 | ||
| 006 | a||||f |||| 00| 0 | ||
| 008 | 110613s2012 mauab frb 001 0 eng c | ||
| 020 | _a0273752774 (pbk.) | ||
| 020 | _a9780273752776 (pbk.) | ||
| 040 |
_aEG-ScBUE _beng _cEG-ScBUE |
||
| 082 | 0 | 4 |
_a658 _bROB _222 |
| 100 | 1 |
_aRobbins, Stephen P., _d1943- _920090 |
|
| 245 | 1 | 0 |
_aManagement / _cStephen P. Robbins, Mary Coulter. |
| 250 | _a11th ed., Global ed. | ||
| 260 |
_aBoston : _bPearson, _cc.2012. |
||
| 300 |
_a671 p. : _bill., maps ; _c28 cm. + _e1 Internet access card. |
||
| 500 | _aIncludes indexes. | ||
| 500 | _aAppendix : p. 565-587. | ||
| 504 | _aBibliography : p. 589-634. | ||
| 590 | _aMenna Elemam | ||
| 650 | 0 |
_aManagement. _932548 _2BUEsh |
|
| 651 | _2BUEsh | ||
| 653 |
_bBUSADM _cAugust2015 |
||
| 690 | 7 |
_aManagement and Business Studies _2blcoll |
|
| 700 | 1 |
_aCoulter, Mary K. _98042 |
|
| 942 |
_2ddc _k658 ROB _cBB |
||
| 999 |
_c17277 _d17249 |
||